[Event "Mistrovstvi Cech - HD16"]
[Site "Prichovice u Korenova"]
[Date "2019.10.31"]
[Round "7"]
[White "Bartos, Vaclav"]
[Black "Chval, Zdenek"]
[Result "1/2-1/2"]
[WhiteElo "1921"]
[BlackElo "1782"]
[EventDate "2019.10.26"]

1. d4 Nf6 2. c4 g6 3. Nc3 Bg7 4. e4 d6 5. Nf3 O-O 6. Be2 e5 7. d5 Nbd7 8. Bg5 h6
9. Bh4 a5 10. Nd2 Nc5 11. Qc2 c6 12. f3 Qe8 13. g4 Bd7 14. Bf2 cxd5 15. exd5 e4
16. Bxc5 exf3 17. Bxd6 fxe2 18. h3 Qe3 19. Bxf8 Qg3+ 20. Kxe2 Qg2+ 21. Kd3 Qg3+
22. Ke2 Qg2+ 1/2-1/2

[Event "Mistrovstvi Cech - HD16"]
[Site "Prichovice u Korenova"]
[Date "2019.10.31"]
[Round "7"]
[White "Cibulka, Josef"]
[Black "Langmajer, Jan"]
[Result "1-0"]
[WhiteElo "1908"]
[BlackElo "1615"]
[EventDate "2019.10.26"]

1. e4  c5  2. Nf3  e6
3. d3  a6  4. g3
Nc6  5. Bg2  Be7
6. O-O  b5  7. Nbd2
e5  8. a4  b4
9. Nc4  d6  10. Be3  g5
11. Nfd2  h5  12. f4
gxf4  13. gxf4  Bg4
14. Qe1  Nd4  15. Bxd4
exd4  16. e5  Kf8
17. exd6 Rh6  18. dxe7+  Nxe7
19. Bxa8  Qxa8  20. Ne4
Nf5  21. Kf2  Nh4
22. h3  Bxh3  23. Rh1
Qc8  24. Ne5  Qf5
25. Rxh3  Qxh3  26. Ke2
Ng2  27. Qg3  Qxg3 28. Nxg3
Nxf4+  29. Kf3  Ne6
30. Ne4  Ke7  31. Rg1
f5  32. Ng5  Nxg5+
33. Rxg5  Kf6  34. Kf4
h4  35. Rxf5+  Ke6
36. Ng4  Rh8  37. Rxc5
Kd6  38. Rc4  Rf8+
39. Ke4  h3  40. Rxd4+
Ke6  41. Rxb4  1-0

[Event "Mistrovstvi Cech - HD16"]
[Site "Prichovice u Korenova"]
[Date "2019.10.31"]
[Round "7"]
[White "Ocelak, Jakub"]
[Black "Kacirek, Jakub"]
[Result "1-0"]
[WhiteElo "1870"]
[BlackElo "1532"]
[EventDate "2019.10.26"]

1. d4  Nf6  2. c4  g6
3. Nc3  d5  4. cxd5
Nxd5  5. e4  Nxc3
6. bxc3  Bg7  7. Nf3
O-O  8. Rb1  c5
9. Be2  Nc6  10. d5  Ne5
11. Nxe5  Bxe5  12. Qd2
Qa5  13. Bb2  Qxa2
14. O-O  Qa5  15. f4
Bg7  16. Bf3  e5
17. Ra1  Qc7  18. c4 Re8
19. Rad1  Qd6  20. Qc3
a6  21. Ra1  Rb8
22. Rfc1  f5  23. exf5
Bxf5  24. Re1  b5
25. fxe5  Qb6  26. cxb5
axb5  27. Qa5  c4+
28. Qxb6 Rxb6  29. Ra7  b4
30. Bd4  Rb5  31. g4
Bd3  32. d6  Rbxe5
33. Rxg7+  Kxg7  34. Bxe5+
Kf8  35. Bg7+  Kf7
36. Bd5+  Kxg7  37. Rxe8
c3  38. Bb3  Bb5
39. Rb8  Bc6  40. Rxb4
Kf6  41. Rc4  Bd5
42. Rxc3  Bxb3  43. Rxb3
Ke6  44. Rd3  Kd7
45. Kf2  h5  46. gxh5
gxh5  47. Kg3  h4+
48. Kxh4  Kd8  49. d7
Ke7  50. d8=Q+  Ke6
51. Re3+  Kf7  52. Qe7+
Kg6  53. Rg3+  Kf5
54. Rf3+  Kg6  55. Rf6# 1-0

[Event "Mistrovstvi Cech - HD16"]
[Site "Prichovice u Korenova"]
[Date "2019.10.31"]
[Round "7"]
[White "Svejk, Martin"]
[Black "Vestfal, Jan"]
[Result "1-0"]
[WhiteElo "1858"]
[BlackElo "1748"]
[EventDate "2019.10.26"]

1. d4  Nf6  2. c4  e5
3. dxe5  Ng4  4. Bf4
Nc6  5. Nf3  Bb4+
6. Nc3  Bxc3+  7. bxc3
f6  8. exf6  Qxf6
9. Qd2  d6  10. e3
O-O  11. Be2  Be6
12. Nd4  Nxf2  13. Kxf2
g5  14. Nxe6  Qxe6
15. Bf3  gxf4  16. exf4
Qf6  17. g3  Rab8
18. Rab1 Kg7 19. Bxc6  bxc6  20.
Qd4  c5  21. Qxf6+  Kxf6
22. Rhe1  Rb6  23. Rxb6
axb6  24. a4  Ra8
25. Ra1  Kf5  26. Kf3
h5  27. h3  h4
28. g4+  Kf6  29. f5  Ra5
30. Kf4  d5  31. g5+
Kf7  32. cxd5  b5
33. Ke5  Rxa4  34. Rg1
1-0

[Event "Mistrovstvi Cech - HD16"]
[Site "Prichovice u Korenova"]
[Date "2019.10.31"]
[Round "7"]
[White "Handl, Petr"]
[Black "Hrbek, Tomas"]
[Result "1-0"]
[WhiteElo "1662"]
[BlackElo "1913"]
[EventDate "2019.10.26"]

1. e4  c5  2. Nf3  Nc6
3. Nc3  g6  4. d4
cxd4  5. Nxd4  Bg7
6. Be3  Nf6  7. Bc4
O-O  8. Qd2  d6
9. f3  Bd7  10. O-O-O  a6
11. h4  b5  12. Bb3
b4  13. Nd5  a5
14. Nxc6  Bxc6  15. Nxf6+  Bxf6
16. h5  a4  17. Bc4
b3  18. hxg6  hxg6
19. Bd4  e5  20. Bb6
bxa2  21. Bxa2  Qe7
22. Qxd6  a3 23. Bc5  axb2+
24. Kb1  Qxd6  25. Rxd6
Rxa2  26. Kxa2  1-0

[Event "Mistrovstvi Cech - HD16"]
[Site "Prichovice u Korenova"]
[Date "2019.10.31"]
[Round "7"]
[White "Malkova, Adriana"]
[Black "Ruzicka, Filip"]
[Result "0-1"]
[WhiteElo "1551"]
[BlackElo "1792"]
[PlyCount "60"]
[EventDate "2019.10.26"]

1. c4 Nf6 2. g3 g6 3. Bg2 Bg7 4. Nf3 O-O 5. d4 d6 6. O-O Nbd7 7. Nc3 e5 8. d5
Nh5 9. Qc2 f5 10. Ng5 Ndf6 11. e4 f4 12. Qe2 h6 13. Ne6 Bxe6 14. dxe6 Bh8 15.
Nd5 Nxd5 16. exd5 Qe7 17. Bf3 Ng7 18. Be4 Qf6 19. Qd3 Nf5 20. gxf4 Qh4 21. Bxf5
Rxf5 22. Qg3 Qh5 23. fxe5 Bxe5 24. f4 Rg5 25. fxg5 Bxg3 26. hxg3 hxg5 27. b3
Qh3 28. Rf2 Qxg3+ 29. Rg2 Qe1+ 30. Kh2 Qe5+ 0-1

[Event "Mistrovstvi Cech - HD16"]
[Site "Prichovice u Korenova"]
[Date "2019.10.31"]
[Round "7"]
[White "Macok, Martin"]
[Black "Flajsman, Petr"]
[Result "0-1"]
[WhiteElo "1583"]
[BlackElo "1761"]
[EventDate "2019.10.26"]
[PlyCount "52"]

1. e4 c5 2. Nf3 e6 3. d4 cxd4 4. Nxd4 Nf6 5. Nc3 Bb4 6. f3 O-O 7. a3 Ba5 8. b4
Bb6 9. Be3 Nc6 10. Bb5 Qc7 11. Bxc6 bxc6 12. a4 e5 13. Nf5 d5 14. Bxb6 axb6 15.
b5 d4 16. Ne2 Bxf5 17. exf5 cxb5 18. axb5 Rxa1 19. Qxa1 Qxc2 20. Qc1 Rc8 21.
O-O Qxc1 22. Rxc1 Rxc1+ 23. Nxc1 Nd5 24. Nd3 f6 25. Kf2 Kf7 26. g4 Ke7 0-1

[Event "Mistrovstvi Cech 2019 - FIDE"]
[Site "?"]
[Date "2019.11.01"]
[Round "8.1"]
[White "Hurdzan, Tomas"]
[Black "Nagy, Ladislav"]
[Result "1-0"]
[BlackElo "2140"]
[WhiteElo "2229"]
[LiveChessVersion "1.4.8"]

1. e4 {[%clk 1:30:55]} c5 {[%clk 1:30:33]} 2. Nf3 {[%clk 1:31:17]} e6
{[%clk 1:30:15]} 3. d4 {[%clk 1:31:26]} cxd4 {[%clk 1:30:16]} 4. Nxd4
{[%clk 1:31:48]} a6 {[%clk 1:29:40]} 5. Bd3 {[%clk 1:30:26]} Nc6 {[%clk 1:28:28]}
6. Nxc6 {[%clk 1:30:05]} dxc6 {[%clk 1:27:45]} 7. O-O {[%clk 1:29:43]} e5
{[%clk 1:25:07]} 8. Nd2 {[%clk 1:26:16]} Qc7 {[%clk 1:15:22]} 9. a4
{[%clk 1:26:08]} b6 {[%clk 1:07:09]} 10. Nc4 {[%clk 1:20:57]} Bc5
{[%clk 1:03:41]} 11. Qh5 {[%clk 1:15:38]} Nf6 {[%clk 0:56:33]} 12. Qxe5+
{[%clk 1:15:17]} Qxe5 {[%clk 0:56:53]} 13. Nxe5 {[%clk 1:15:42]} O-O
{[%clk 0:55:22]} 14. Bd2 {[%clk 1:10:42]} Bb7 {[%clk 0:52:49]} 15. Bc3
{[%clk 1:08:43]} b5 {[%clk 0:50:39]} 16. b3 {[%clk 1:07:15]} Rfe8
{[%clk 0:49:33]} 17. Rfe1 {[%clk 0:58:26]} Rad8 {[%clk 0:44:18]} 18. Nf3
{[%clk 0:53:11]} Ng4 {[%clk 0:39:49]} 19. Re2 {[%clk 0:52:39]} f6
{[%clk 0:38:10]} 20. e5 {[%clk 0:51:42]} fxe5 {[%clk 0:34:58]} 21. Nxe5
{[%clk 0:51:28]} Bxf2+ {[%clk 0:30:31]} 22. Rxf2 {[%clk 0:51:00]} Nxe5
{[%clk 0:30:38]} 23. Be4 {[%clk 0:49:56]} bxa4 {[%clk 0:24:47]} 24. Rxa4
{[%clk 0:48:21]} Ng4 {[%clk 0:22:17]} 25. Bxh7+ {[%clk 0:37:52]} Kxh7
{[%clk 0:22:26]} 26. Rxg4 {[%clk 0:38:18]} Rd1+ {[%clk 0:19:47]} 27. Rf1
{[%clk 0:38:46]} Rxf1+ 28. Kxf1 {[%clk 0:39:13]} Re7 {[%clk 0:20:24]} 29. Rg5
{[%clk 0:35:14]} Bc8 {[%clk 0:18:03]} 30. Kf2 {[%clk 0:33:53]} Rf7+
{[%clk 0:14:56]} 31. Ke3 {[%clk 0:34:21]} Bf5 {[%clk 0:14:17]} 32. Kd2
{[%clk 0:30:37]} Be4 {[%clk 0:11:55]} 33. Bd4 {[%clk 0:28:21]} Rd7
{[%clk 0:10:59]} 34. c3 {[%clk 0:23:27]} Kg8 {[%clk 0:07:33]} 35. Ke3
{[%clk 0:21:37]} Bc2 {[%clk 0:06:39]} 36. b4 {[%clk 0:21:36]} Re7+
{[%clk 0:06:06]} 37. Be5 {[%clk 0:21:29]} Rd7 {[%clk 0:05:52]} 38. h4
{[%clk 0:20:45]} Kh7 {[%clk 0:04:03]} 39. Bd4 {[%clk 0:19:32]} Re7+
{[%clk 0:03:58]} 40. Kf4 {[%clk 0:19:47]} Re4+ {[%clk 0:04:07]} 41. Kf3
{[%clk 0:20:05]} Rxh4 {[%clk 0:02:59]} 42. Rxg7+ {[%clk 0:20:24]} Kh6
{[%clk 0:03:25]} 43. g4 {[%clk 0:19:19]} Rh1 {[%clk 0:03:22]} 44. g5+
{[%clk 0:19:20]} Kh5 {[%clk 0:03:45]} 45. Bf6 {[%clk 0:18:20]} Rf1+
{[%clk 0:02:15]} 46. Ke3 {[%clk 0:18:33]} Kg4 {[%clk 0:02:10]} 47. Ra7
{[%clk 0:16:09]} Rf3+ {[%clk 0:01:59]} 48. Kd4 {[%clk 0:15:55]} Bd3
{[%clk 0:01:59]} 49. Kc5 {[%clk 0:14:49]} Bb5 {[%clk 0:01:42]} 50. Re7
{[%clk 0:12:57]} Rf5+ {[%clk 0:01:26]} 51. Kb6 {[%clk 0:13:22]} Rf4
{[%clk 0:01:10]} 52. Re5 {[%clk 0:12:58]} Kh5 {[%clk 0:00:50]} 53. Re6
{[%clk 0:12:47]} Rc4 {[%clk 0:00:44]} 54. Rd6 {[%clk 0:11:53]} Kg6
{[%clk 0:00:51]} 55. Rd8 {[%clk 0:11:30]} Kf7 {[%clk 0:00:59]} 56. Bd4
{[%clk 0:11:11]} Kg6 {[%clk 0:01:25]} 57. Rg8+ {[%clk 0:11:35]} Kf7
{[%clk 0:01:50]} 58. Rg7+ {[%clk 0:11:59]} Kf8 {[%clk 0:02:19]} 59. Ra7
{[%clk 0:11:42]} Kg8 {[%clk 0:02:17]} 60. g6 {[%clk 0:12:06]} c5 {[%clk 0:02:06]}
61. Ra8+ {[%clk 0:12:24]} Be8 {[%clk 0:02:29]} 62. Rxe8# {[%clk 0:12:50]} 1-0

[Event "Mistrovstvi Cech 2019 - FIDE"]
[Site "?"]
[Date "2019.11.01"]
[Round "8.2"]
[White "Hlavac, Rudolf"]
[Black "Flajsman, Pavel"]
[Result "1/2-1/2"]
[BlackElo "1887"]
[WhiteElo "1957"]
[LiveChessVersion "1.4.8"]

1. e4 c6 2. d4 d5 3. Nc3 g6 4. h3 Bg7 5. Nf3 Nh6 6. Bd3 O-O 7. O-O f6 8. Ne2 Na6
9. a3 Nc7 10. c4 Nf7 11. Be3 e6 12. Rc1 dxe4 13. Bxe4 f5 14. Bb1 b6 15. b4 Bb7
1/2-1/2

[Event "Mistrovstvi Cech 2019 - FIDE"]
[Site "?"]
[Date "2019.11.01"]
[Round "8.3"]
[White "Holasek, Pavel"]
[Black "Zizka, Petr"]
[Result "1-0"]
[BlackElo "2128"]
[WhiteElo "2120"]
[LiveChessVersion "1.4.8"]

1. e4 {[%clk 1:30:57]} c5 {[%clk 1:29:01]} 2. Nf3 {[%clk 1:31:20]} Nc6
{[%clk 1:29:16]} 3. d4 {[%clk 1:31:42]} cxd4 {[%clk 1:29:41]} 4. Nxd4
{[%clk 1:32:06]} Nf6 {[%clk 1:30:02]} 5. Nc3 {[%clk 1:32:29]} e5 {[%clk 1:30:28]}
6. Ndb5 {[%clk 1:32:24]} d6 {[%clk 1:30:49]} 7. Bg5 {[%clk 1:31:30]} a6
{[%clk 1:31:12]} 8. Na3 {[%clk 1:31:56]} b5 {[%clk 1:31:38]} 9. Nd5
{[%clk 1:29:26]} Be7 {[%clk 1:31:58]} 10. Bxf6 {[%clk 1:29:45]} Bxf6
{[%clk 1:32:21]} 11. c3 {[%clk 1:29:07]} O-O {[%clk 1:31:46]} 12. Nc2
{[%clk 1:29:29]} Bg5 {[%clk 1:31:01]} 13. a4 {[%clk 1:29:39]} bxa4
{[%clk 1:29:25]} 14. Rxa4 {[%clk 1:29:51]} a5 {[%clk 1:29:38]} 15. Bc4
{[%clk 1:29:04]} Kh8 {[%clk 1:17:31]} 16. O-O {[%clk 1:29:16]} f5
{[%clk 1:17:51]} 17. b4 {[%clk 1:19:41]} fxe4 {[%clk 1:13:45]} 18. b5
{[%clk 1:19:44]} Ne7 {[%clk 1:13:53]} 19. Nxe7 {[%clk 1:17:17]} Qxe7
{[%clk 1:12:20]} 20. Bd5 {[%clk 1:11:22]} Bb7 {[%clk 0:53:01]} 21. Rxe4
{[%clk 1:09:01]} Rac8 {[%clk 0:46:12]} 22. c4 {[%clk 1:05:28]} Rc5
{[%clk 0:43:27]} 23. Bxb7 {[%clk 1:02:46]} Qxb7 {[%clk 0:43:43]} 24. Qxd6
{[%clk 1:00:47]} Be7 {[%clk 0:31:24]} 25. Qd3 {[%clk 1:00:27]} Rd8
{[%clk 0:29:39]} 26. Qe2 {[%clk 1:00:19]} Bf6 {[%clk 0:22:20]} 27. f4
{[%clk 0:54:54]} Rd2 {[%clk 0:20:47]} 28. Qxd2 {[%clk 0:51:10]} Qxe4
{[%clk 0:21:09]} 29. Qd6 {[%clk 0:50:11]} Rc8 {[%clk 0:20:26]} 30. fxe5
{[%clk 0:49:00]} Qxe5 {[%clk 0:20:17]} 31. Qxe5 {[%clk 0:48:30]} Bxe5
{[%clk 0:20:46]} 32. c5 {[%clk 0:48:09]} Kg8 {[%clk 0:20:53]} 33. c6
{[%clk 0:48:25]} Rb8 {[%clk 0:20:48]} 34. Rb1 {[%clk 0:44:57]} Bc7
{[%clk 0:19:22]} 35. Kf2 {[%clk 0:41:42]} Kf7 {[%clk 0:18:57]} 36. Ke3
{[%clk 0:40:25]} Bb6+ {[%clk 0:17:35]} 37. Kd3 {[%clk 0:39:28]} Rd8+
{[%clk 0:16:24]} 38. Kc3 {[%clk 0:39:38]} Ke6 {[%clk 0:12:48]} 39. Rf1
{[%clk 0:30:30]} g6 {[%clk 0:09:11]} 40. Na3 {[%clk 0:29:00]} Rd5
{[%clk 0:07:59]} 41. Re1+ {[%clk 0:25:42]} Kd6 {[%clk 0:07:21]} 42. Nc4+
{[%clk 0:24:25]} Kc5 {[%clk 0:07:09]} 43. Re7 {[%clk 0:23:10]} Rg5
{[%clk 0:03:03]} 44. Nxb6 {[%clk 0:20:04]} Kxb5 {[%clk 0:02:46]} 45. c7
{[%clk 0:20:04]} Rc5+ {[%clk 0:02:29]} 46. Kd4 {[%clk 0:20:29]} Kxb6
{[%clk 0:02:42]} 47. Re6+ 1-0

[Event "Mistrovstvi Cech 2019 - FIDE"]
[Site "?"]
[Date "2019.11.01"]
[Round "8.4"]
[White "Hlavacek, Tomas"]
[Black "Stanek, Ondrej"]
[Result "1/2-1/2"]
[BlackElo "2063"]
[WhiteElo "2157"]
[LiveChessVersion "1.4.8"]

1. e4 {[%clk 1:30:58]} e5 {[%clk 1:28:27]} 2. Nf3 {[%clk 1:31:23]} Nc6
{[%clk 1:28:52]} 3. d4 {[%clk 1:31:26]} exd4 {[%clk 1:29:16]} 4. Nxd4
{[%clk 1:31:53]} Nf6 {[%clk 1:29:39]} 5. Nxc6 {[%clk 1:31:43]} bxc6
{[%clk 1:30:04]} 6. e5 {[%clk 1:32:08]} Qe7 {[%clk 1:30:31]} 7. Qe2
{[%clk 1:32:35]} Nd5 {[%clk 1:30:57]} 8. c4 {[%clk 1:32:35]} Ba6 {[%clk 1:31:23]}
9. g3 {[%clk 1:30:12]} g6 {[%clk 1:18:53]} 10. b3 {[%clk 1:26:14]} Bg7
{[%clk 1:17:15]} 11. Bb2 {[%clk 1:26:02]} O-O {[%clk 1:13:30]} 12. Bg2
{[%clk 1:17:33]} Rae8 {[%clk 0:59:07]} 13. O-O {[%clk 1:12:46]} Bxe5
{[%clk 0:50:13]} 14. Qxe5 {[%clk 1:08:58]} Qxe5 {[%clk 0:49:53]} 15. Bxe5
{[%clk 1:09:22]} Rxe5 {[%clk 0:50:18]} 16. cxd5 {[%clk 1:09:45]} Bxf1
{[%clk 0:50:42]} 17. Kxf1 {[%clk 1:10:12]} cxd5 {[%clk 0:50:37]} 18. Nd2
{[%clk 1:06:56]} Rfe8 {[%clk 0:49:15]} 19. Nf3 {[%clk 1:06:42]} Re2
{[%clk 0:48:03]} 20. Re1 {[%clk 1:06:54]} Rxe1+ {[%clk 0:48:27]} 21. Nxe1
{[%clk 1:07:23]} c6 {[%clk 0:48:29]} 22. Nd3 {[%clk 1:06:47]} f5 {[%clk 0:45:16]}
23. Bf3 {[%clk 1:05:57]} Kf7 {[%clk 0:45:03]} 24. Be2 {[%clk 1:06:19]} Ke6
{[%clk 0:43:11]} 25. Ke1 {[%clk 1:06:43]} Kd6 {[%clk 0:43:36]} 26. Kd2
{[%clk 1:05:41]} a5 {[%clk 0:42:49]} 27. h4 {[%clk 1:04:54]} a4 {[%clk 0:35:27]}
28. b4 {[%clk 1:02:55]} Kc7 {[%clk 0:34:43]} 29. Bf3 {[%clk 1:02:19]} Kb6
{[%clk 0:33:43]} 30. Kc3 {[%clk 1:01:06]} d6 {[%clk 0:33:03]} 31. a3
{[%clk 0:56:43]} Kb5 1/2-1/2

[Event "Mistrovstvi Cech 2019 - FIDE"]
[Site "?"]
[Date "2019.11.01"]
[Round "8.5"]
[White "Pise, Jiri"]
[Black "Jun, Rudolf"]
[Result "0-1"]
[BlackElo "2105"]
[WhiteElo "1775"]
[LiveChessVersion "1.4.8"]

1. e4 {[%clk 1:30:57]} c5 {[%clk 1:30:56]} 2. Nf3 {[%clk 1:31:23]} Nc6
{[%clk 1:31:21]} 3. d4 {[%clk 1:31:35]} cxd4 {[%clk 1:31:14]} 4. Nxd4
{[%clk 1:31:57]} Nf6 {[%clk 1:31:37]} 5. Nc3 {[%clk 1:32:20]} e5 {[%clk 1:31:26]}
6. Nb3 {[%clk 1:29:52]} Bb4 {[%clk 1:31:44]} 7. Bg5 {[%clk 1:29:06]} O-O
{[%clk 1:21:46]} 8. Qd3 {[%clk 1:21:04]} d5 {[%clk 1:08:07]} 9. exd5
{[%clk 1:11:47]} Nd4 {[%clk 0:53:31]} 10. Nxd4 {[%clk 0:51:49]} exd4
{[%clk 0:53:56]} 11. Qxd4 {[%clk 0:52:15]} Re8+ {[%clk 0:54:19]} 12. Be3
{[%clk 0:50:23]} Bxc3+ {[%clk 0:53:12]} 13. bxc3 {[%clk 0:40:34]} Nxd5
{[%clk 0:53:20]} 14. Bb5 {[%clk 0:40:09]} Nxe3 {[%clk 0:52:00]} 15. fxe3
{[%clk 0:32:45]} Qxd4 {[%clk 0:51:52]} 16. cxd4 {[%clk 0:32:36]} Rxe3+
{[%clk 0:52:18]} 17. Kd2 {[%clk 0:32:51]} Re4 {[%clk 0:52:42]} 18. c3
{[%clk 0:32:33]} Be6 {[%clk 0:49:31]} 19. a3 {[%clk 0:32:05]} Rd8
{[%clk 0:49:05]} 20. g3 {[%clk 0:26:25]} h5 {[%clk 0:48:57]} 21. Rhe1
{[%clk 0:26:00]} Rg4 {[%clk 0:46:39]} 22. Re3 {[%clk 0:22:10]} Rg5
{[%clk 0:46:36]} 23. Bd3 {[%clk 0:20:42]} Ra5 {[%clk 0:44:44]} 24. Be4
{[%clk 0:19:19]} b6 {[%clk 0:44:30]} 25. Bc2 {[%clk 0:18:46]} Rg5
{[%clk 0:39:15]} 26. Rae1 {[%clk 0:17:06]} Ra5 {[%clk 0:38:24]} 27. Ra1
{[%clk 0:17:18]} Kf8 {[%clk 0:38:06]} 28. Rf3 {[%clk 0:14:41]} Ke7
{[%clk 0:37:40]} 29. Re3 {[%clk 0:12:22]} Kd6 {[%clk 0:37:53]} 30. Re2
{[%clk 0:10:08]} h4 {[%clk 0:35:53]} 31. Re3 {[%clk 0:06:45]} hxg3
{[%clk 0:35:38]} 32. hxg3 {[%clk 0:05:24]} Rh8 {[%clk 0:34:22]} 33. Bd3
{[%clk 0:04:00]} Rc8 {[%clk 0:32:17]} 34. Rf3 {[%clk 0:02:49]} Rh5
{[%clk 0:30:09]} 35. Raf1 {[%clk 0:02:11]} Ra5 {[%clk 0:29:30]} 36. Ra1
{[%clk 0:02:25]} g6 {[%clk 0:28:37]} 37. Rf2 {[%clk 0:02:00]} Rg5
{[%clk 0:28:16]} 38. Rg1 {[%clk 0:02:03]} Rc7 {[%clk 0:28:39]} 39. Rf3
{[%clk 0:01:56]} Rh5 {[%clk 0:26:56]} 40. Rf2 {[%clk 0:01:49]} Ra5
{[%clk 0:26:53]} 41. Ra1 {[%clk 0:02:09]} Rh5 {[%clk 0:24:03]} 42. Rg1
{[%clk 0:01:58]} Rc8 {[%clk 0:24:18]} 43. Be2 {[%clk 0:01:37]} Rg5
{[%clk 0:24:11]} 44. Bd3 {[%clk 0:00:58]} b5 {[%clk 0:21:07]} 45. Rf3
{[%clk 0:00:52]} a6 {[%clk 0:21:25]} 46. Rf2 {[%clk 0:01:15]} Rh8
{[%clk 0:21:48]} 47. Bf1 {[%clk 0:00:52]} Rgh5 {[%clk 0:21:30]} 48. Ke3
{[%clk 0:00:45]} f5 {[%clk 0:21:32]} 49. Be2 {[%clk 0:00:45]} R5h7
{[%clk 0:20:54]} 50. Bf1 {[%clk 0:00:54]} Rc7 {[%clk 0:20:09]} 51. Kd2
{[%clk 0:00:58]} Rch7 {[%clk 0:20:09]} 52. Ke3 {[%clk 0:01:16]} g5
{[%clk 0:20:35]} 53. Bd3 {[%clk 0:01:16]} Rf7 {[%clk 0:20:47]} 54. Kd2
{[%clk 0:01:01]} Rf6 {[%clk 0:20:37]} 55. Ke3 {[%clk 0:00:56]} f4+
{[%clk 0:19:37]} 56. gxf4 {[%clk 0:01:20]} gxf4+ {[%clk 0:20:05]} 57. Ke2 Rh3
{[%clk 0:18:57]} 58. Rf3 {[%clk 0:00:53]} Rh4 {[%clk 0:17:30]} 59. Rf2
{[%clk 0:01:01]} Rh3 {[%clk 0:16:58]} 60. Rf3 {[%clk 0:01:14]} Rh8
{[%clk 0:16:35]} 61. Rf2 {[%clk 0:01:05]} Rh4 {[%clk 0:16:20]} 62. Rgf1
{[%clk 0:01:00]} Bd5 {[%clk 0:15:18]} 63. Kd2 {[%clk 0:00:54]} f3
{[%clk 0:10:58]} 64. Ke3 {[%clk 0:00:52]} Rh8 {[%clk 0:10:00]} 65. Kd2
{[%clk 0:01:00]} Rh3 {[%clk 0:09:20]} 66. Ke3 {[%clk 0:01:15]} Rg3
{[%clk 0:09:17]} 67. Kd2 {[%clk 0:01:18]} Rh3 {[%clk 0:08:10]} 68. Ke3
{[%clk 0:01:37]} Ke7 {[%clk 0:07:32]} 69. Kd2 {[%clk 0:01:32]} Kf8
{[%clk 0:07:00]} 70. Rg1 {[%clk 0:01:37]} Ke7 {[%clk 0:06:20]} 71. Ke3
{[%clk 0:01:54]} Kd6 {[%clk 0:04:18]} 72. Kd2 {[%clk 0:02:09]} Rfh6
{[%clk 0:04:32]} 73. Rgf1 {[%clk 0:01:57]} Rh2 {[%clk 0:04:41]} 74. Ke1
{[%clk 0:02:00]} Rg2 {[%clk 0:04:10]} 75. Rxg2 {[%clk 0:00:36]} fxg2
{[%clk 0:04:31]} 76. Rg1 {[%clk 0:01:02]} Rh3 {[%clk 0:04:19]} 77. Ke2
{[%clk 0:00:55]} Kc6 {[%clk 0:03:03]} 78. a4 {[%clk 0:00:44]} Kb6
{[%clk 0:02:59]} 79. axb5 {[%clk 0:00:51]} axb5 {[%clk 0:03:20]} 80. Bxb5
{[%clk 0:00:34]} Kxb5 {[%clk 0:02:51]} 81. Rb1+ {[%clk 0:00:45]} Kc4
{[%clk 0:02:38]} 82. Rg1 {[%clk 0:01:03]} Kxc3 {[%clk 0:02:55]} 83. Rc1+
{[%clk 0:01:23]} Kxd4 {[%clk 0:03:12]} 84. Rd1+ {[%clk 0:01:44]} Ke5
{[%clk 0:03:38]} 85. Rg1 {[%clk 0:02:08]} Kf4 {[%clk 0:03:47]} 86. Kf2
{[%clk 0:02:08]} Rh1 {[%clk 0:03:57]} 0-1

[Event "Mistrovstvi Cech 2019 - FIDE"]
[Site "?"]
[Date "2019.11.01"]
[Round "8.6"]
[White "Mach, Petr"]
[Black "Kotva, Milan"]
[Result "1-0"]
[BlackElo "1906"]
[WhiteElo "2050"]
[LiveChessVersion "1.4.8"]

1. Nf3 d5 2. e3 Nf6 3. b3 Bg4 4. h3 Bxf3 5. Qxf3 Nbd7 6. c4 e6 7. cxd5 exd5 8.
Be2 Bd6 9. d4 Qe7 10. O-O Ne4 11. Bd3 O-O 12. Bxe4 dxe4 13. Qe2 a5 14. a4 Ra6 15.
Ba3 Bxa3 16. Nxa3 Rg6 17. f3 Nf6 18. f4 Nd5 19. Nc4 Nb4 20. Nxa5 Nd3 21. Nxb7 Rb8
22. Nc5 Nxc5 23. dxc5 Qxc5 24. Rac1 Qb6 25. Rc3 Rd6 26. Rfc1 h6 27. Qc4 1-0

[Event "Mistrovstvi Cech 2019 - FIDE"]
[Site "?"]
[Date "2019.11.01"]
[Round "8.7"]
[White "Kopriva, Martin"]
[Black "Holasek, Vojtech"]
[Result "1/2-1/2"]
[BlackElo "1905"]
[WhiteElo "2039"]
[LiveChessVersion "1.4.8"]

1. e4 {[%clk 1:30:46]} e5 {[%clk 1:30:59]} 2. Nf3 {[%clk 1:31:08]} Nc6
{[%clk 1:31:16]} 3. Nc3 {[%clk 1:31:28]} Nf6 {[%clk 1:31:40]} 4. Bb5
{[%clk 1:31:47]} Bb4 {[%clk 1:32:04]} 5. O-O {[%clk 1:32:06]} O-O
{[%clk 1:32:29]} 6. d3 {[%clk 1:32:25]} d6 {[%clk 1:32:55]} 7. Bg5
{[%clk 1:32:38]} Bxc3 {[%clk 1:33:20]} 8. bxc3 {[%clk 1:33:01]} Be6
{[%clk 1:33:22]} 9. Qe2 {[%clk 1:30:04]} h6 {[%clk 1:33:19]} 10. Bh4
{[%clk 1:26:51]} a6 {[%clk 1:30:13]} 11. Bxc6 {[%clk 1:22:57]} bxc6
{[%clk 1:30:41]} 12. d4 {[%clk 1:21:35]} Bg4 {[%clk 1:27:12]} 13. dxe5
{[%clk 1:18:43]} dxe5 {[%clk 1:27:22]} 14. Rfd1 {[%clk 1:16:09]} Qe7
{[%clk 1:27:35]} 15. h3 {[%clk 1:15:56]} Bh5 {[%clk 1:25:52]} 16. Rd3
{[%clk 1:09:51]} Rab8 {[%clk 1:25:05]} 17. g4 {[%clk 1:01:30]} Bg6
{[%clk 1:24:58]} 18. Nd2 {[%clk 1:00:19]} Qe6 {[%clk 1:20:29]} 19. f3
{[%clk 0:55:08]} Nd7 {[%clk 1:20:05]} 20. Bf2 {[%clk 0:50:45]} f6
{[%clk 1:20:15]} 21. Nb3 {[%clk 0:45:03]} Be8 {[%clk 1:18:02]} 22. Rad1
{[%clk 0:42:08]} Rf7 {[%clk 1:17:57]} 23. Qe3 {[%clk 0:38:00]} c5
{[%clk 1:15:27]} 24. Rd5 {[%clk 0:33:01]} c4 {[%clk 1:14:25]} 25. Nc5
{[%clk 0:26:14]} Nxc5 {[%clk 1:13:59]} 26. Qxc5 {[%clk 0:26:42]} Bb5
{[%clk 1:14:02]} 27. Kg2 {[%clk 0:21:22]} Re8 {[%clk 1:11:43]} 28. Rd8
{[%clk 0:15:10]} Qe7 {[%clk 1:07:32]} 29. Qxe7 {[%clk 0:12:15]} 1/2-1/2

[Event "Narodni Open 2019"]
[Site "?"]
[Date "2019.11.01"]
[Round "8.2"]
[White "Bruna, Matous"]
[Black "Blazek, Tomas"]
[Result "1/2-1/2"]
[WhiteElo "1617"]
[BlackElo "1592"]
[PlyCount "21"]
[SourceVersionDate "2019.11.01"]

1. e4 e5 2. Nf3 Nc6 3. Bc4 Bc5 4. d3 d6 5. h3 h6 6. Nc3 Nf6 7. O-O O-O 8. Be3
Bb6 9. Bxb6 axb6 10. d4 exd4 11. Nxd4 1/2-1/2

[Event "Narodni Open 2019"]
[Site "?"]
[Date "2019.11.01"]
[Round "8.5"]
[White "Holaskova, Veronika"]
[Black "Jodas, Daniel"]
[Result "0-1"]
[WhiteElo "1402"]
[BlackElo "1716"]
[PlyCount "66"]
[SourceVersionDate "2019.11.01"]

1. e4 c5 2. Nc3 e6 3. f4 d5 4. d3 Nc6 5. Nf3 Be7 6. Be2 d4 7. O-O dxc3 8. bxc3
Nf6 9. Ne5 Qc7 10. Nxc6 Qxc6 11. e5 Nd5 12. Bf3 Qd7 13. c4 Nc3 14. Qe1 Na4 15.
Kh1 Rb8 16. Ba3 b5 17. cxb5 Rxb5 18. Rd1 O-O 19. c4 Rb6 20. Qe3 Rd8 21. Rd2 Qd4
22. Qxd4 Rxd4 23. Re1 Bb7 24. Bxb7 Rxb7 25. g3 Rbd7 26. Re3 h6 27. Kg2 Kf8 28.
Kf2 Rxc4 29. dxc4 Rxd2+ 30. Re2 Rxe2+ 31. Kxe2 Nc3+ 32. Kd3 Nxa2 33. Kc2 Nb4+
0-1